000 00829nam a22002777a 4500
003 CHAP
005 20220329134645.0
008 971013s r 00010 d
010 _a23736
011 _a24708
035 _a28807
040 _cCHAP
090 _aFolleto 5578
110 _aComisión Forestal del Estado de Michoacán
_925723
245 _aIncendios forestales
260 _aMorelia, Mich. :
_bLa Comisión,
_c(s.a.)
300 _as.p.
_b: ilus.
490 _aSerie popular. Epoca 2, vol. 1 No. 1
590 _aBATCH-UPD
_b10
_c20130110
_lUCH01
_h1655
590 _aCONVERSION
_b10
_c20130109
_lUCH01
_h1314
650 1 4 _aBosques
_xIncendios.
_914211
830 0 _aSerie popular. Epoca 2, vol. 1 No. 1
_9105004
901 _aBK
942 _cFOLL
949 _aFolleto 5578
_bBC
_cFOLL
_d-66382
_eTS1
_i28807
_mD
_si
999 _c23736
_d23736